| Tag |
First Indicator |
Second Indicator |
Subfields |
| LEADER |
00000cam a2200000Ia 4500 |
| 001 |
in00001682006 |
| 005 |
20151024140917.0 |
| 008 |
001204s2000 nyuab j 001 0 eng |
| 010 |
|
|
|a 00023803
|
| 020 |
|
|
|a 0789465000 :
|c $19.95
|
| 035 |
|
|
|a (OCoLC)ocm45469822
|
| 040 |
|
|
|a DLC
|c MVP
|d GGN
|d UtOrBLW
|
| 049 |
|
|
|a TXAM
|
| 082 |
0 |
0 |
|a 551.6
|2 21
|
| 090 |
|
|
|a QC981.3
|b .A55 2000
|
| 100 |
1 |
|
|a Allaby, Michael.
|
| 245 |
1 |
0 |
|a DK guide to weather /
|c Michael Allaby.
|
| 246 |
3 |
4 |
|a DK guide to weather :
|b photographic journey through the skies
|
| 246 |
3 |
0 |
|a Dorling Kindersley guide to weather
|
| 246 |
3 |
0 |
|a Guide to weather
|
| 246 |
3 |
0 |
|a Guide to the weather
|
| 250 |
|
|
|a 1st American ed.
|
| 264 |
|
1 |
|a New York :
|b Dorling Kindersley Pub.,
|c 2000.
|
| 300 |
|
|
|a 64 pages :
|b color illustrations, color maps ;
|c 36 cm.
|
| 336 |
|
|
|a text
|b txt
|2 rdacontent
|
| 337 |
|
|
|a unmediated
|b n
|2 rdamedia
|
| 338 |
|
|
|a volume
|b nc
|2 rdacarrier
|
| 500 |
|
|
|a Includes index.
|
| 520 |
|
|
|a Explores a wide range of weather topics, including climate and seasons, wind and gales, lightning and thunderstorms, hurricanes and tornadoes, solar wonders, and weather forecasting.
|
| 505 |
0 |
|
|a Restless planet -- The atmosphere -- The weather engine -- Climate and seasons -- Mist, fog, and dew -- Clouds -- Weird and wonderful clouds -- Wind and gales -- Rain -- Storm clouds -- Lightning -- Tornadoes -- Tracking twisters -- Hurricanes -- Landfall -- Floods -- The big chill -- Snow -- Hail -- Hot and dry -- Wildfires -- Dust storms -- Light shows -- Solar wonders -- El Niño -- Volcanic weather -- Weather forecasting -- Pollution -- Harnessing weather -- Weather data.
|
| 650 |
|
0 |
|a Weather
|v Juvenile literature.
|
| 650 |
|
1 |
|a Weather.
|
| 948 |
|
|
|a cataloged
|b h
|c 2002/10/4
|d c
|e cmulkey
|f 12:12:39 pm
|
| 994 |
|
|
|a E0
|b TXA
|
| 999 |
|
|
|a MARS
|
| 999 |
f |
f |
|s 9ee488f1-4dbb-3a0e-9039-bb0b8af41aba
|i 734df804-77be-3136-b20d-1fea03a12622
|t 0
|
| 952 |
f |
f |
|p normal
|a Texas A&M University
|b College Station
|c Sterling C. Evans Library
|d Evans: Curriculum Collection (4th floor)
|t 0
|e QC981.3 .A55 2000
|f Oversize
|h Library of Congress classification
|i unmediated -- volume
|m A14829155324
|
| 998 |
f |
f |
|a QC981.3 .A55 2000
|t 0
|l Evans: Curriculum Collection (4th floor)
|